01764 a2200217 45000010006000000050017000060080041000230030015000640400040000790800095001192450049002140200018002632500023002812640030003043000019003345051109003530410008014621000020014707000029014907000027015193884320260407155649.0260407a1982 arg spa dAR-UNSa-BCEJYS aAR-UNSa-BCEJYSbspacAR-UNSa-BCEJYS a519.23xAnálisis estadístico. Métodos de inferencia (Métodos no paramétricos...)10aIntroducción a la inferencia estadística a968-24-0167-7 a1a ed., 2a. reimp. 1aMéxico :bTrillasc1982 a464 p.c23 cm. a1. Elementos de probabilidad - 2. Variables aleatorias - 3. Variables aleatorias; valores esperados - 4. Dos variables aleatorias - 5. Dos variables aleatorias; valores esperados - 6. Dos variables aleatorias; esperanza condicional y predicción - 7. Diversas variables aleatorias - 8. Cambio de variable - 9. Permutaciones y combinaciones - 10. Distribución binomial - 11. La distribución de Poisson - 12. Distribución hipergeométrica - 13. Distribución binomial negativa - 14. Distribución multinomial - 15. Distribuciones uniformes de Laplace y Cauchy - 16. Distribución normal en una variable - 17. Distribución normal en dos variables - 18. Series de Gram-Charlier y polinomios de Hermite - 19. Muestro aleatorio - 20. Convolución - 21. Muestreo de poblaciones en general - 22. Estadísticas de orden - 23. Muestreo de una población normal - 24. Regla de Bayes - 25. Estimación puntual - 26. Máxima verosimilitud - 27. Los mejores estimadores lineales insesgados - 28. Pruebas de hipótesis estadísticas - 29. Estimación por intervalos - 30. Regresión: dos variables aspa1 aFreeman, Harold1 aNieto de Pascual, José1 aVelasco Coba, Federico